| 000 | 00423 a2200133 4500 | ||
|---|---|---|---|
| 001 | 92221 | ||
| 082 | _aPR 2490 | ||
| 090 |
_c44181 _d44180 |
||
| 100 | _aHuda Zahid; Prof Nadeem Shahi and Prof Omer (Advisors) | ||
| 245 |
_aEmployment of Substructuring Technique for the Structural analysis of the wing of JF-17 Aircraft _h78 "A" EC |
||
| 260 |
_aIslamabad _bNUST _c2015 |
||
| 300 | _axii,102p. | ||
| 500 | _aBE ProjectReport | ||
| 942 |
_aCAE NUST _kPR 2490 |
||
| 999 |
_c327294 _d327294 |
||